000 00422nam a2200181Ia 4500
001 5198
005 20260306145850.0
008 260306t2007||||xx |||||||||||||| ||spa||
041 _aESP
082 _a338.04092
_bE56
100 _aOcéano Centrum
_eAUT
245 0 _aEnciclopedia del empresario
260 _c2007
300 _a1228 páginas :
_c30 cm.
650 _aGEN
654 _aCAN
942 _cLIB
_dJUS
_fJUS
_2ddc
_n
999 _c5198
_d5198